00356nam a22001577a 4500003000700000005001700007008004100024020001800065082001900083100001400102245001600116260003300132300000800165490002000173650000500193MPLRDC20220104124621.0210129b ||||| |||| 00| 0 eng d a967-84-0352-8 a859.4 ZXTH v.3 a关道编 a小豆点c ab大传出版有限公司c b精 a最新童话选 a